[Event "IND-ch U13 Girls"]
[Site "Gujarath"]
[Date "2016.07.25"]
[Round "6"]
[White "Nidhi, Shenoy"]
[Black "David, Avril R"]
[Result "1-0"]
[WhiteElo "1397"]
[BlackElo "1523"]
[PlyCount "79"]
[EventDate "2016.07.22"]
[EventType "swiss"]
[EventRounds "11"]
[EventCountry "IND"]
[SourceTitle "EXT 2017"]
[Source "ChessBase"]
[SourceDate "2016.10.25"]
[SourceVersion "1"]
[SourceVersionDate "2016.10.25"]
[SourceQuality "1"]

1. e4 c6 2. d4 d5 3. exd5 cxd5 4. Bd3 Nc6 5. c3 Nf6 6. Bf4 Bg4 7. Qb3 Qd7 8. Nd2 e6 9. Ngf3 Be7 10. h3 Bh5 11. Ne5 Qc8 12. 0-0 0-0 13. Rfe1 Rd8 14. Qc2 Bg6 15. Nxg6 hxg6 16. Nf3 Nh5 17. Bh2 Bd6 18. Ne5 Qc7 19. Kh1 Rac8 20. Rac1 Qe7 21. Qb1 Rc7 22. Nxf7 Qxf7 23. Bxg6 Qxf2 24. Bxh5 Bxh2 25. Kxh2 Qf4+ 26. Kh1 Re7 27. Rf1 Qd6 28. Qg6 e5 29. Qxd6 Rxd6 30. dxe5 Rxe5 31. Bf3 Na5 32. b3 b6 33. Rfd1 Kf7 34. c4 d4 35. Bd5+ Ke7 36. Rxd4 Nc6 37. Re4 Rdxd5 38. cxd5 Rxe4 39. dxc6 Kd6 40. c7 1-0

[Event "IND-ch U13 Girls"]
[Site "Gujarath"]
[Date "2016.07.23"]
[Round "2"]
[White "Nidhi, Shenoy"]
[Black "Jyothsna, L."]
[Result "1/2-1/2"]
[WhiteElo "1397"]
[BlackElo "1750"]
[PlyCount "120"]
[EventDate "2016.07.22"]
[EventType "swiss"]
[EventRounds "11"]
[EventCountry "IND"]
[SourceTitle "EXT 2017"]
[Source "ChessBase"]
[SourceDate "2016.10.25"]
[SourceVersion "1"]
[SourceVersionDate "2016.10.25"]
[SourceQuality "1"]

1. e4 c6 2. d4 d5 3. exd5 cxd5 4. Bd3 Nc6 5. c3 Nf6 6. Bf4 Bg4 7. Qb3 Qd7 8. Nd2 Na5 9. Qb4 Nc6 10. Qb3 Na5 11. Qb4 Qd8 12. Qa4+ Bd7 13. Qc2 Rc8 14. Ngf3 b5 15. b4 Nc4 16. Qb3 e6 17. Bxc4 dxc4 18. Qc2 Nd5 19. Bg3 Bc6 20. 0-0 Be7 21. Rfe1 0-0 22. Ne5 Be8 23. h3 Qb6 24. Ng4 f6 25. Ne3 Nc7 26. Bxc7 Rxc7 27. Nf3 Bc6 28. Qe2 Re8 29. Rad1 Be4 30. Ng4 Bf5 31. Nh4 Bd3 32. Qxe6+ Qxe6 33. Rxe6 Kf7 34. Ree1 a5 35. a3 Ra7 36. Ne3 Rd7 37. Nef5 Bf8 38. Rxe8 Kxe8 39. Re1+ Kf7 40. Ne3 axb4 41. axb4 Ra7 42. Nd5 Bd6 43. Nb6 Ra3 44. Nc8 Bf8 45. d5 Ra6 46. d6 Bxd6 47. Nxd6+ Rxd6 48. Nf3 Bf5 49. Nd4 Bd7 50. Ra1 Rd5 51. Ra7 Ke7 52. Rb7 Kd6 53. Kf1 Re5 54. Ra7 Re8 55. Ra5 Rb8 56. Ra6+ Kc7 57. Ne6+ Bxe6 58. Rxe6 Rd8 59. Re7+ Rd7 60. Rxd7+ Kxd7 1/2-1/2